O priateľstve

Bibliographic Details
Format: Book
Language:Slovak
PhysicalDescription:32 nečíslovaných strán 10 cm
Published: [Námestovo] [Tlačiareň Kubík] 2020
ISBN:9788082170286
Edition:Prvé vydanie
Subjects:

MARC

LEADER 00000cam a2200000 4500
001 vtls012023673
003 SK-MaSNL
005 20260301020048.0
008 230501s2020 xo gr 000 1 slo
015 |a SNBA2021/07 
020 |a 9788082170286  |q (brožované)  |z 9788082170268 
035 |a urn:nbn:sk:snk-am00ic33 
035 |a CD234944-4DD3-4EE3-81F4-696553F2308A 
040 |a SNK  |b slo  |c SNK  |e rda 
041 0 |a slo 
044 |a xo  |c SK 
072 7 |a 2  |x Náboženstvo  |2 konspekt 
080 |a 177.63  |2 2011 
080 |a 82-97  |2 2011 
080 |a (0:82-84)  |2 2011 
245 0 0 |a O priateľstve  |c zostavil: Pietro Biblico (firma) 
250 |a Prvé vydanie 
264 1 |a [Námestovo]  |b [Tlačiareň Kubík]  |c 2020 
300 |a 32 nečíslovaných strán  |c 10 cm 
336 |a text  |b txt  |2 rdacontent 
337 |a bez média  |b n  |2 rdamedia 
338 |a zväzok  |b nc  |2 rdacarrier 
500 |a Vydavateľské údaje podľa NA ISBN 
610 2 7 |a Pietro Biblico (firma)  |2 SNKKA  |9 225308 
650 0 7 |a priateľstvo  |2 SNKPH  |9 23357 
650 0 7 |a náboženská literatúra  |2 SNKPH  |9 1487 
650 0 7 |a Friendship  |2 SNKPHeng  |9 306836 
650 0 7 |a Religious literature  |2 SNKPHeng  |9 265585 
655 7 |a citáty  |2 SNKPH  |9 70419 
655 7 |a Quotations  |2 SNKPHeng  |9 302733 
852 |a Slovenská národná knižnica 
919 |a 978-80-8217-028-6 
954 |a duchovná literatúra pôvodná (slovenská)  |2 lita 
958 |a NT 
958 |a LX 
999 |c 562155  |d 564085 
952 |a SNK  |b SNK  |y PREZ  |7 0  |p 17A1451738  |o snkSE 13952  |i snk2021/3082  |8 0  |0 0  |1 0  |4 0  |d 2021-04-16  |f 1  |l 0  |r 2026-02-23 13:46:22  |w 2026-02-23 
952 |a SNK  |b SNK  |y VYP  |7 0  |p 17A1451739  |o snkSE 13952 D1  |i snk2021/3083  |8 0  |0 0  |1 0  |4 0  |d 2021-04-16  |l 0  |r 2026-02-23 13:46:22  |w 2026-02-23